000 00419pab a2200157 454500
008 180718b2000 xxu||||| |||| 00| 0 eng d
100 _aChinara, Benudhar
245 _aGender disparity and education in post independent India - a situational analysis
260 _c2000
300 _ap.1-7
362 _a31 Jan
650 _aEducation - India
650 _aEducation
773 _aUniversity News
909 _a43805
999 _c43805
_d43805